Statistics for Countries with Ten Letters

Click here to take the quiz!

General Stats

  • This quiz has been taken 5 times
  • The average score is 10 of 18

Answers on the Map

Answers color-coded by a green-red scale on the quiz's map according to % correct below.
 

Answer Stats

Answer% Correct
Kazakhstan
80%
Kyrgyzstan
80%
Mauritania
80%
Tajikistan
80%
Uzbekistan
80%
Azerbaijan
60%
Mozambique
60%
North Korea
60%
South Korea
60%
Bangladesh
40%
Madagascar
40%
Montenegro
40%
New Zealand
40%
Saint Lucia
40%
Seychelles
40%
South Sudan
40%
El Salvador
20%
Luxembourg
20%

Score Distribution

Percentile by Number Answered

Percent of People with Each Score

Your Score History

You have not taken this quiz